| 000 | 00509nam a2200205Ia 4500 | ||
|---|---|---|---|
| 008 | 180207s9999 xx 000 0 und d | ||
| 020 | _a9780531226360 | ||
| 050 | _bS548 2015 | ||
| 100 | _aShepherd, Jodie | ||
| 245 | _aMalala Yousafzai : | ||
| 245 | _bchampion for education / | ||
| 245 | _cby Jodie Shepherd. | ||
| 260 | _aNew York : | ||
| 260 | _bScholastic, | ||
| 260 | _c2015 | ||
| 300 | _a32 pages : | ||
| 300 | _bcolor illustrations ; | ||
| 300 | _c17cm. | ||
| 440 | _aRookie biographies. | ||
| 999 |
_c355837 _d355837 |
||